Quizzes
Events
Quiz Creation
Community
Videos
Private Events
Remove Ads
Sign In
Join for FREE
Feedback
Dark Mode
Quiz Categories
Sports
Geography
Music
Movies
Television
Just For Fun
Miscellaneous
History
Literature
Language
Science
Gaming
Entertainment
Religion
Holiday
For Kids
Quiz Lab
Recent
Popular Today
Quiz Kudos Today
Editor Picks
Curator Picks
Quizzes by...
Day
Popularity
Type
Ratings
Length
Year
Community
Subscriptions
Recent Discussions
Orange Saloon
Badges
Playlists
Quests
Create
Leaderboards
Showdown
Live 5
Trivia Bingo
Activity
Puzzle Library
Sporcle Events
Private Events
Virtual Trivia
Globe League
Become a Host
Pub Owners
SporcleCon
Opinionation
Our Games
Videos
Blog
Mobile Apps
Partnerships
Remove Ads and Go Orange
Feedback
Geography
Country
Landmarks
City
State
Population
World
Capital
Continent
Flags
Europe
Africa
Asia
South America
North America
Oceania
Border
Canada
United Kingdom
Topography
United States
Geography
Country
Landmarks
City
State
Population
World
Capital
Continent
Flags
Europe
Africa
Asia
South America
North America
Oceania
Border
Canada
United Kingdom
Topography
United States
Random Quiz
Search Sporcle
×
Quiz Lab
Quiz Lab
Geography
Europe
Type in answers that appear in a list
Type in answers that appear in a list
Classic
Best Score? Go Orange.
Members of the European Union Stats
Can you name the Members of the European Union?
By
bully123
8m
27 Questions
47 Plays
47 Plays
47 Plays
Comments
Comments
Give Quiz Kudos
Give Quiz Kudos
-
- Ratings
hide this ad
Replay
Link that replays current quiz
Next Quiz
Link to next quiz in quiz playlist
You Got
0%
They Got
Avg Score
93%
Avg Friend Score
Upgrade to see
Score Distribution
Jump to the score distribution portion of the page
Score
0/27
Timer
08:00
0
Plays Today
% Correct
France
97.9%
Germany
97.9%
Netherlands
97.9%
Spain
97.9%
Belgium
95.7%
Czech republic
95.7%
Denmark
95.7%
Hungary
95.7%
Portugal
95.7%
Romania
95.7%
Sweden
95.7%
Austria
93.6%
Finland
93.6%
Greece
93.6%
% Correct
Ireland
93.6%
Italy
93.6%
Cyprus
91.5%
Estonia
91.5%
Latvia
91.5%
Luxembourg
91.5%
Poland
91.5%
Slovakia
91.5%
Slovenia
91.5%
Lithuania
89.4%
Bulgaria
87.2%
Malta
85.1%
United Kingdom
85.1%
Quiz Playlist
Details
Report
Send in Message
Add To Playlist
Classic:
Type in answers that appear in a list
Last Updated: Feb 16, 2017
Quiz Scoreboard
CHALLENGE
Sign Up to Join the Scoreboard
Show All
Scores
Hide
Comments
May contain spoilers
Recently Published
Movies - When Are They Set?
by FPL_Elf
Movies
5m
Popular People in 1961
by mucciniale
History
6m
1-10 Letter E Words III
by El_Dandy
Language
2m
More to Explore
Quiz From the Vault
Featured Blog Post
Where Did the Easter Bunny Come From?
hide this ad
You Might Also Like...
Tags
Europe Quiz
European Union
union
Today's Top Quizzes in Geography
Browse Geography
hide this ad
Today's Top Quizzes in Europe
Browse Europe
Top Contributed Quizzes in Geography
1
Countries of the World - No Outlines Minefield
2
Top 25 Cities of France on a map
3
Closest Countries to UK A-Z
4
One Thing in Common: United Kingdom
5
Blind Secret Country CLXXXVIII
6
Blind Ultimate Minefield: USA
7
African Flag Reveal XLV
8
Find the US States - No Outlines
9
One Thing in Common: Asia
10
Find the Provinces of Canada - No Outlines Minefield
Explore More
Trending Topics
Crossword
Kpop
Disney
Marvel
Harry Potter
NBA
Anime
WWE
Country
NFL
The Office
Song
Soccer
Puzzle
Pokémon
hide this ad
More By:
bully123
Quiz
Plays
Rating
Category
Featured
Created
1966 World cup- England winning squad
331
5.00
Sports
Dec 16, 2011
Members of the European Union
47
4.50
Geography
Dec 16, 2011
Go to Creator's Profile
Score Distribution
Quiz Creator Spotlight
bully123
Follow
Send a Message
Quizzes Created
-
Created Quiz Play Count
-
More By This Creator
Popular Quizzes Today
1
Find the Countries of Europe - No Outlines Minefield
2
Find the US States - No Outlines Minefield
3
The Countries of the World
4
Popular People in 1961
5
US States
6
1-10 Letter E Words III
7
Find the US States
8
One Thing in Common: World Cities II
More Geography Quizzes
Blind Secret Country XXXI
Quiz Lab
Trending Quizzes
Risky Map Clicking: Least Populous States A-Z
1-10 Letter F Words
Humor Books: The Subtitles
1-10 Letter G Words
One Thing in Common: United Kingdom
Recently Updated
Leaping Animals
pecheneg
Reality TV Shows (A-Z)
bhenderson79
Rickey Henderson's Hall of Fame Teammates
pecheneg
Champions League XIs: Arsenal
pecheneg
Quick Pick: Celebrities in WWE's Hall of Fame
aduchscher
A-Z Keypad Blitz II
pecheneg
Multiple Oscar Actors
pecheneg
Mystery Phrase Blitz: Oscar 'Best Actors'
pecheneg
F. Scott Fitzgerald Novels
LTH
Pick 3 Villains
ddd62291
Trending Topics
Crossword
Marvel
Disney
Kpop
Anime
Harry Potter
NBA
Pokémon
NFL
Country
Puzzle
Soccer
Song
The Office
WWE
Your Account Isn't Verified!
In order to create a playlist on Sporcle, you need to verify the email address you used during registration. Go to your
Sporcle Settings
to finish the process.
Report this User
Report this user for behavior that violates our
Community Guidelines
.
Details:
Send Report
Go to the Sporcle.com Mobile Site →
Comments